[Event "Asian Junior-ch 2017-Open"]
[Site "Shiraz"]
[Date "2017.05.06"]
[Round "5"]
[White "Gholami, Aryan"]
[Black "Khademi, Mahdi"]
[Result "1-0"]
[WhiteElo "2423"]
[BlackElo "2019"]
[Annotator "TA"]
[PlyCount "111"]
[EventDate "2017.??.??"]
[EventType "swiss"]
[EventCountry "IRI"]
[SourceTitle "playchess.com"]
[Source "ChessBase"]
[SourceQuality "1"]

{[%evp 18,111,48,45,79,75,116,116,118,90,91,60,117,97,118,139,122,129,134,153,142,68,55,59,56,57,56,37,53,36,97,100,96,67,67,68,88,92,89,58,57,38,46,37,39,39,37,45,54,55,65,65,65,65,68,58,58,57,57,57,57,8,8,8,8,15,22,22,22,22,37,29,37,10,37,37,37,11,205,144,588,520,520,520,513,500,322,218,29978,29979,29979,29980,29980,29981,29981,29982]} 1. Nf3 Nf6 2. c4 g6 3. Nc3 d5 4. cxd5 Nxd5 5. Qa4+ c6 6. Nxd5 {A16: English Opening: 1...Nf6 with ...d5} Qxd5 7. e4 Qd8 8. d4 Bg7 9. Be2 O-O 10. O-O {LiveBook: 7 Games} Bd7 $146 ({Predecessor:} 10... Bg4 11. Rd1 Nd7 12. Be3 Nb6 13. Qc2 f5 {1-0 (58) Karpov,A (2668)-Vachier Lagrave,M (2579) Cap d'Agde 2006}) 11. Qb4 b5 12. Bg5 a5 13. Qa3 (13. Qxe7 Qxe7 14. Bxe7 Re8 $11) 13... Na6 14. Ne5 ({Don't play} 14. Qxe7 Qxe7 15. Bxe7 Rfe8 $11) 14... Nb4 {[#]} (14... f6 $14) 15. Qc3 $1 $16 f6 16. Nxd7 Qxd7 17. Be3 f5 18. a3 f4 19. axb4 (19. Bd2 $16 Na6 20. e5) 19... fxe3 $14 20. fxe3 axb4 21. Qxb4 Rxa1 22. Rxa1 e5 {[%cal Re5d4]} 23. Rd1 Qe6 ({But not} 23... exd4 24. exd4 Qa7 25. Qb3+ Qf7 26. Qg3 $16) (23... Qa7 $14) 24. d5 $16 Qf6 25. Rf1 Qg5 26. Qb3 Rxf1+ 27. Bxf1 cxd5 28. exd5 {Hoping for d6+.} Bh6 29. Kf2 Qh4+ 30. Ke2 ({Of course not} 30. Kg1 Qe1 $15) 30... Qg4+ 31. Ke1 {Strongly threatening d6+.} Qh4+ 32. Kd1 Qf2 33. d6+ {[%cal Bd5d6,Bd6d7][%mdl 32]} Kf8 34. Bxb5 Qxe3 35. Qxe3 Bxe3 $14 {[%mdl 4096] Endgame KB-KB} 36. b4 (36. Ke2 $5 {[%cal Re2e3]} Bc5 37. d7 $16) 36... e4 37. Bc6 Bf4 38. d7 Ke7 39. Ke2 Bxh2 40. Ke3 Bd6 41. b5 Bc5+ 42. Kxe4 Bb6 43. Kf4 Kf6 44. Bf3 h5 45. Bb7 Ke7 46. Bc8 Bd8 47. Ke5 g5 $2 (47... Bc7+ $11 48. Kd5 g5) 48. Kf5 $18 h4 $2 {[%mdl 8192]} (48... g4 $16 {is more resistant.}) 49. Kxg5 Kd6+ {[#]} 50. Kg6 $1 {[%cal Rg6f7]} Ke6 51. b6 {[%cal Bb5b6,Bb6b7][%mdl 32] b7 is the strong threat.} Ke7 52. Kh5 {Threatens to win with b7.} Kd6 $2 (52... h3 $18 53. gxh3 Bxb6) 53. b7 {White mates.} Kc7 54. Kg6 Be7 55. Kf7 Bg5 56. Ke8 {Precision: White = 76%, Black = 63%.} 1-0

[Event "Asian Junior-ch 2017-Open"]
[Site "Shiraz"]
[Date "2017.05.06"]
[Round "5"]
[White "Tahbaz, Arash"]
[Black "Daghli, Arash"]
[Result "1-0"]
[WhiteElo "2409"]
[BlackElo "2198"]
[Annotator "TA"]
[PlyCount "111"]
[EventDate "2017.??.??"]
[EventType "swiss"]
[EventCountry "IRI"]
[SourceTitle "playchess.com"]
[Source "ChessBase"]
[SourceQuality "1"]

{[%evp 18,111,22,21,30,33,37,39,36,34,48,50,48,19,41,45,47,49,56,24,64,64,212,215,296,273,288,277,279,283,274,207,202,155,159,136,104,95,210,176,160,160,171,160,160,160,160,138,406,296,283,271,258,278,360,377,367,379,385,381,383,371,741,734,725,604,604,604,604,604,580,488,488,328,328,328,329,329,594,587,572,567,597,587,989,947,874,861,808,692,1125,989,958,948,927,811]} 1. Nf3 Nf6 2. g3 g6 3. c4 Bg7 4. Bg2 d6 5. d4 O-O 6. O-O Nc6 7. Nc3 Bf5 8. d5 Na5 9. Nh4 {E62: King's Indian: Fianchetto: 6...c6 and Panno Variation (6...Nc6) without ...a6} Bd7 10. b3 {LiveBook: 3 Games} (10. Qd3 c5 11. Bd2 a6 12. b3 b5 13. Rab1 Rb8 14. Ne4 Nxe4 15. Bxe4 e5 16. dxe6 Bxe6 {1-0 (64) Xiong,J (2667)-Van Foreest,J (2612) Wijk aan Zee 2017}) 10... c5 11. Bb2 {White has an edge.} a6 12. Qd2 b5 13. Nd1 Ne8 14. Bxg7 Nxg7 15. Ne3 bxc4 16. bxc4 Rb8 {[#]} 17. Rab1 $146 Qc7 18. f4 {[%cal Bf2f4,Bf4f5][%mdl 32]} Rfc8 19. Qc3 Nb7 ({Black should play} 19... f6 $14) 20. f5 $1 $18 Qa5 21. Qd3 (21. Qb2 g5 $16) 21... g5 22. f6 exf6 23. Nhf5 Nxf5 24. Nxf5 Qd8 25. h4 {[%mdl 1024] White has strong compensation.} (25. Nh6+ $6 Kg7 $16) 25... Qf8 26. Bh3 Re8 27. e4 Re5 (27... Bxf5 $16 28. Bxf5 gxh4) 28. Rb2 Bxf5 29. Bxf5 {Black must now prevent hxg5.} ({Worse is} 29. Rxf5 gxh4 30. gxh4 (30. Rxf6 Qg7 $11) 30... Qh6 $11) 29... Na5 30. Rxb8 Qxb8 31. hxg5 $1 fxg5 32. Qf3 {White threatens Bxh7+! and mate.} Qb7 $2 {[%mdl 8192]} (32... Nxc4 $16 {might work better.} 33. Qh5 Rxf5 34. Rxf5 Ne5) 33. Be6 Qe7 34. Bxf7+ Kg7 {[#]} 35. Be6 $1 Nxc4 {aiming for ...Nd2.} 36. Qc3 Nb6 {[#]} 37. Rb1 $1 {[%cal Rb1b6]} Qf6 38. Qd3 ({Weaker is} 38. Rxb6 Rxe6 39. Qxf6+ Rxf6 $11) 38... c4 39. Qe3 Na4 $2 (39... Qg6 40. Qf2 (40. Qxb6 Qxe4 41. Qa7+ Kh6 $18) 40... Qf6 41. Rxb6 Rxe4 42. Rb7+ Kg6 43. Bf5+ Qxf5 44. Rg7+ Kxg7 45. Qxf5 Re1+ 46. Kf2 Ra1 47. Qxg5+ Kf7 48. Qf4+ Ke8 49. Qxd6 Rd1 50. Qe6+ Kf8) 40. Qa7+ Kg6 41. Rf1 Rxe6 42. Rxf6+ Rxf6 {[%mdl 4096] Endgame KQ-KRN} 43. e5 dxe5 44. Qc7 Nc3 45. Qxc4 Nb5 46. Qe4+ Kg7 47. Qxe5 h6 $2 (47... Nd6 48. Qxg5+ Kf7 49. Qh5+ Kg8) 48. Qe7+ {White is clearly winning.} Kg6 49. Qe4+ Kg7 50. Qc4 h5 51. a4 {[%cal Ba2a4,Ba4a5][%mdl 32]} Nd6 52. Qxa6 g4 53. Kg2 Ne4 54. Qa7+ Kg6 55. Qe3 Nd6 56. a5 {Precision: White = 91%, Black = 41%.} 1-0

[Event "Asian Junior-ch 2017-Open"]
[Site "Shiraz"]
[Date "2017.05.06"]
[Round "5"]
[White "Suleymenov, Alisher"]
[Black "Khodashenas, Mersad"]
[Result "0-1"]
[WhiteElo "2338"]
[BlackElo "2410"]
[Annotator "TA"]
[PlyCount "62"]
[EventDate "2017.??.??"]
[EventType "swiss"]
[EventCountry "IRI"]
[SourceTitle "playchess.com"]
[Source "ChessBase"]
[SourceQuality "1"]

{[%evp 9,62,0,7,-12,-12,-15,-2,-18,0,-12,0,0,0,0,0,-13,-9,-28,-22,-46,-10,-12,-13,-6,-15,-285,-280,-282,-301,-246,-159,-619,-622,-660,-664,-856,-859,-839,-827,-850,-848,-906,-879,-1022,-1017,-973,-906,-891,-892,-977,-960,-1025,-1025,-1264,-1264]} 1. Nf3 Nf6 2. c4 e6 3. g3 d5 {[%cal Bd7d5,Bd5d4][%mdl 32]} 4. Bg2 d4 5. O-O c5 6. b4 {A13: English Opening: 1...e6} (6. e3 Nc6 7. exd4 cxd4 8. d3 Be7 9. Re1 O-O 10. b3 Nd7 11. Ba3 e5 12. b4 Bxb4 13. Bxb4 Nxb4 14. Nxe5 Nxe5 15. Rxe5 Qd6 16. Rb5 Re8 17. Nd2 Nc6 18. Rab1 Qg6 {1-0 (32) Jones,G (2665)-Bacrot,E (2695) chess.com INT 2017}) 6... cxb4 7. a3 Nc6 8. e3 {The position is equal.} dxe3 9. fxe3 Qd3 $146 ({Predecessor:} 9... a5 10. Bb2 Be7 11. axb4 Nxb4 12. Ne5 O-O 13. Nc3 {½-½ (27) Kriksciunas,B (2144)-Sukhorskij,V (1965) LSS email 2013}) 10. axb4 {Strongly threatening Qa4.} Qxc4 11. Na3 {[%cal Bb1a3,Ba3c4,Bc4e5][%mdl 32]} Qxb4 12. Rb1 Qa5 13. Nc4 Qa2 14. Rb3 $1 Qa6 15. Nfe5 Nxe5 16. Nxe5 {Hoping for Rxf6!} Be7 17. Rxf6 $4 {[%mdl 8192] [#]} (17. g4 $11 {and White stays safe.}) 17... gxf6 $19 ({Stronger than} 17... Bxf6 18. Bf1 $11) 18. Bf1 Qa1 19. Nxf7 O-O 20. Qg4+ $2 (20. Nh6+ $17 Kg7 21. Ng4) 20... Kxf7 {Black is clearly winning.} 21. Bb2 Qb1 22. e4 {intending Qh5+.} Bc5+ 23. Kg2 Qc2 24. Qh5+ Kg8 25. Qg4+ Kh8 26. Qf3 Qxd2+ 27. Kh1 Qf2 28. Qxf2 Bxf2 29. Rf3 Bc5 30. Bxf6+ Kg8 31. e5 b6 {Precision: White = 48%, Black = 90%.} 0-1

[Event "Asian Junior-ch 2017-Open"]
[Site "Shiraz"]
[Date "2017.05.06"]
[Round "5"]
[White "Poormosavi, Seyed Kian"]
[Black "Mousavi, Seyed Khalil"]
[Result "0-1"]
[WhiteElo "2114"]
[BlackElo "2435"]
[Annotator "TA"]
[PlyCount "94"]
[EventDate "2017.??.??"]
[EventType "swiss"]
[EventCountry "IRI"]
[SourceTitle "playchess.com"]
[Source "ChessBase"]
[SourceQuality "1"]

{[%evp 13,94,5,16,11,12,18,18,0,0,5,40,0,75,45,103,58,131,152,209,140,159,163,271,254,264,237,212,119,125,117,118,7,7,16,60,61,52,0,29,0,108,0,0,-196,-195,-227,-227,-228,-228,-209,-209,-204,-202,-206,-207,-210,-209,-227,-134,-132,-122,-213,-213,-213,-213,-219,-218,-219,-228,-950,-1027,-1145,-775,-5149,-4467,-29964,-29966,-29964,-29966,-29966,-12843,-29969,-29968]} 1. e4 c5 2. Nf3 e6 3. c4 Nc6 4. Nc3 Nf6 5. Be2 d5 6. exd5 exd5 7. d4 Be6 8. Bg5 {A34: Symmetrical English: 2 Nc3, lines with ...d5} (8. dxc5 dxc4 9. Qa4 Bxc5 10. Ng5 Qb6 11. O-O Bd7 12. Qxc4 Ne5 13. Qf4 Ng6 14. Qd2 Bc6 15. Qc2 O-O {0-1 (48) Grigoriants,S (2580)-Nakamura,H (2787) Gibraltar 2016}) 8... cxd4 9. Nxd4 Nxd4 10. Qxd4 {The position is equal.} dxc4 11. Qh4 Qc7 $146 ({Predecessor:} 11... Be7 12. Bxc4 Bxc4 13. Qxc4 Qa5 14. Bxf6 Bxf6 15. Qe4+ Qe5 16. O-O-O O-O 17. Qxe5 Bxe5 18. Rd7 Rac8 19. Kc2 Rc7 20. Rxc7 {½-½ (20) Van Tienhoven,R (2360)-Vostrotin,V (2390) ICCF email 2006}) 12. O-O {[%mdl 1024] White has compensation.} (12. Bxf6 $5 gxf6 13. Rd1 $14 (13. Qxf6 Rg8 $11)) 12... O-O-O (12... Be7 $11) 13. Rac1 (13. Bxf6 gxf6 14. Rad1 (14. Qxf6 Be7 $11) 14... Bc5 $11) 13... Qc6 (13... h6 $1 $14) 14. Nd1 b5 (14... Kb8 $14) 15. a4 $16 ({Reject} 15. Bxf6 $6 gxf6 16. Bf3 (16. Qxf6 Bg7 $15) 16... Qb6 $11) 15... a6 (15... Qb6 $16) 16. axb5 $1 $18 axb5 17. b3 {[%cal Bb2b3,Bb3c4][%mdl 32]} (17. Bxf6 gxf6 18. Bf3 (18. Qxf6 Bg7 $15) 18... Bd5 $11) 17... h6 (17... Bc5 {is a better defense.}) 18. Bxf6 (18. bxc4 hxg5 19. Qxh8 Be7 $11) 18... gxf6 {[%cal Bg7f6,Bf6f5][%mdl 32]} 19. bxc4 (19. Qxf6 Bg7 $14) 19... Ba3 20. Rc3 (20. Bf3 $18 Qb6 21. Ra1) 20... b4 $16 21. Rb3 Rd2 22. Re3 (22. Re1 $16) 22... f5 $1 $40 {[%mdl 128] Black mounts an attack.} 23. Qf6 Rg8 {[%csl Gg8][%cal Rc6g2]} 24. Bf3 Qxc4 25. Rfe1 (25. Re5 $1 $14 Re8 26. Qxh6 (26. Ne3 Qc3 $16)) 25... Rgd8 ({Not} 25... f4 $2 26. Rxe6 fxe6 27. Qf7 $18) 26. g3 Bc1 (26... R2d6 $11 {keeps the balance.}) 27. Kg2 ({Better is} 27. Rxe6 $16 {Rc6+ would kill now.} fxe6 28. Ne3) 27... R2d6 28. Qa1 $2 (28. Nb2 $11 {and White has nothing to worry.} Qc7 29. R3e2) 28... Ra6 $19 29. Qb1 Bxe3 30. Nxe3 Qb3 $1 {[%cal Rb3b1]} 31. Qc1+ Qc3 {And now ...Qxc1 would win.} 32. Qb1 Kb8 $1 {Hoping for ...b3.} 33. Rc1 Qb3 $1 {[%cal Rb3b1]} 34. Qxb3 Bxb3 35. Rb1 Rd3 ({Black should try} 35... Ra3 $1 $19 {aiming for ...Rd3.} 36. Nxf5 Kc7 37. Rc1+ Kd7) 36. Be2 $17 {[#]} Rxe3 $1 37. Bxa6 {[%mdl 4096] Endgame [#] KRB-KRB} (37. fxe3 $17 Bd5+ 38. Kf1) 37... Rc3 $1 $19 38. Kf1 Ka7 39. Be2 Kb6 40. Ke1 Kc5 41. Bd1 $2 (41. Ra1) 41... Bxd1 42. Kxd1 {KR-KR} b3 {[%cal Bb4b3,Bb3b2][%mdl 32]} 43. Ra1 Kb4 ({Weaker is} 43... b2 44. Rb1 $15) 44. Ra7 b2 45. Rb7+ {[#]} Ka3 $1 46. Ra7+ Kb3 47. Rb7+ Ka2 {Precision: White = 54%, Black = 69%.} 0-1

[Event "Asian Junior-ch 2017-Open"]
[Site "Shiraz"]
[Date "2017.05.06"]
[Round "5"]
[White "Moradi, Sajad"]
[Black "Tran, Minh Thang"]
[Result "0-1"]
[WhiteElo "2021"]
[BlackElo "2409"]
[Annotator "TA"]
[PlyCount "76"]
[EventDate "2017.??.??"]
[EventType "swiss"]
[EventCountry "IRI"]
[SourceTitle "playchess.com"]
[Source "ChessBase"]
[SourceQuality "1"]

{[%evp 27,76,-8,0,-71,-69,-64,-63,-94,-70,-50,-49,-26,-34,-39,-69,-65,49,0,0,-2,-6,-94,-107,-180,-175,-257,-230,-290,-266,-289,-268,-269,-262,-411,-347,-986,-966,-945,-808,-931,-783,-1124,-433,-989,-987,-29979,-29980,-29978,-29979,-29990,-29991]} 1. d4 Nf6 2. c4 g6 3. g3 Bg7 4. Bg2 d5 5. cxd5 Nxd5 6. e4 Nb6 7. Ne2 c5 8. d5 O-O 9. O-O e6 10. Nec3 Na6 11. a4 exd5 12. exd5 Nc4 {D72: Fianchetto Grünfeld: 5 cxd5 Nxd5 6 e4 Nb6 (without Nf3)} 13. Na3 (13. Nd2 Ne5 14. Nde4 Bg4 15. f3 Bd7 16. Bg5 f6 17. Bf4 f5 18. Nd6 Nb4 19. Bxe5 Bxe5 20. Nc4 {0-1 (49) Navara,D (2706)-Bacrot,E (2695) Belfort 2012}) 13... Ne5 14. h3 Nb4 {LiveBook: 3 Games. The position is equal.} 15. Be3 (15. Ne4 $11) 15... b6 $1 $17 16. Qb3 Bf5 17. Ne4 Re8 $146 (17... Nxd5 $6 18. Rfd1 $14) ({Predecessor:} 17... Kh8 18. Rad1 Re8 19. Nb5 Bxe4 20. Bxe4 {1-0 (37) Seliverstov,V (2430)-Sychev,K (2414) Moscow 2015}) 18. Rad1 {[#]} Nf3+ $1 {[%mdl 512]} 19. Bxf3 {Threatens to win with Bg5.} Bxe4 20. Bxe4 Rxe4 21. Nb5 a5 (21... Qd7 $15 22. Nc3 Re5) 22. Rd2 (22. Bf4 $14) 22... Qd7 $11 23. Kh2 Rae8 $36 {[%mdl 2048] next ...R8e5 is good for Black. Black is pushing.} 24. Bf4 {[#]} (24. Qd1 $11) 24... c4 $1 $17 {[%cal Rc4b3]} 25. Qd1 (25. Qf3 $17 {was worth a try.} Nd3 26. Bc7) 25... Nd3 $19 26. Rxd3 (26. Qg4 {was necessary.} f5 27. Qf3) 26... cxd3 27. Nd6 {[#]} Rxf4 $1 {[%mdl 512]} 28. Nxe8 (28. gxf4 Qxd6) 28... Rd4 ({And not} 28... Qxe8 29. gxf4 Qe4 30. Qd2 $14) ({Not} 28... Rxa4 29. Nxg7 Rd4 30. Qe1 $17) 29. Nxg7 Kxg7 {[%mdl 4096] Endgame KQR-KQR} 30. b3 (30. Qb3 $142) 30... Qxd5 31. f4 $2 (31. Qa1) 31... Re4 {aiming for ...Re2+.} 32. Rf2 Qd4 33. Qd2 f5 34. Kg2 Qd5 (34... Kh6 $142 {White must now prevent ...Re3.} 35. Qc1 Re3) 35. Qc3+ (35. Kg1 $142) 35... Kh6 {( -> ...Re1+)} 36. Kh2 Re2 {Black mates.} 37. Rxe2 dxe2 38. Kg1 Qc5+ {Precision: White = 13%, Black = 79%.} 0-1

[Event "Asian Junior-ch 2017-Open"]
[Site "Shiraz"]
[Date "2017.05.06"]
[Round "5"]
[White "Mozaffari, Alireza"]
[Black "Mohammad Nubairshah Shaikh"]
[Result "1/2-1/2"]
[WhiteElo "2010"]
[BlackElo "2408"]
[Annotator "TA"]
[PlyCount "123"]
[EventDate "2017.??.??"]
[EventType "swiss"]
[EventCountry "IRI"]
[SourceTitle "playchess.com"]
[Source "ChessBase"]
[SourceQuality "1"]

{[%evp 17,123,2,20,-1,42,32,41,41,56,41,56,47,61,54,78,27,89,99,91,67,63,32,53,-220,-220,-162,-118,-102,-37,-37,-50,-68,-53,-105,-100,-98,-88,-93,-102,-91,-98,-98,-101,-113,-109,-109,-97,-116,-108,-123,-123,-177,-101,-101,-101,-123,-101,-101,-101,-100,-58,-58,-58,-58,-52,-52,-52,-52,-52,-52,-52,-52,-52,-55,-55,-55,-55,-55,-55,-55,-55,-55,-55,-55,-55,-55,-52,-52,-52,-52,-8,-8,-8,-8,-8,-8,-8,-8,-8,-8,-8,-8,-8,-8,-8,-8,-8,-8]} 1. d4 Nf6 2. c4 g6 3. Nc3 d5 4. cxd5 Nxd5 5. e4 Nxc3 6. bxc3 Bg7 7. Qa4+ Nd7 8. Nf3 O-O 9. Be2 c5 10. O-O {D85: Exchange Grünfeld: Unusual White 7th moves and lines with 7 Nf3} Nf6 11. Qc2 cxd4 12. cxd4 {White is slightly better.} Bg4 13. Be3 Rc8 14. Qd3 $146 ({Predecessor:} 14. Qb1 b6 {½-½ (14) Raetsky,A (2402)-Sjugirov,S (2664) Abu Dhabi 2015}) 14... Qa5 15. h3 Bd7 16. Ne5 (16. Bd2 $16 Qa4 17. Rab1) 16... Rc3 (16... Be6 $1 $11 {remains equal.}) 17. Qb1 $16 {Black must now prevent Bd2.} Rc7 18. Bf4 Rfc8 19. Qb3 Be6 $1 {[%cal Re6b3]} 20. Nc4 $2 {[%mdl 8192]} (20. d5 $14 Bd7 21. Nxd7 Rxd7 22. Bf3) 20... Rxc4 $19 21. Bxc4 Bxc4 22. Qxb7 Qa6 (22... Ba6 $17 23. Qxa7 Nxe4) 23. Qxa6 $15 Bxa6 24. Rfc1 Rd8 25. f3 {[#]} (25. Rc7 $15) 25... Nxe4 $1 $17 {[%mdl 512]} 26. fxe4 Bxd4+ 27. Kh2 Bxa1 28. Rxa1 {[%mdl 4096] Endgame KRB-KRB} Rd4 29. Bb8 Rxe4 {Strongly threatening ...Re2.} 30. Bxa7 Re2 31. Kg1 f5 32. Bf2 Kf7 33. a4 e5 {[%cal Be7e5,Be5e4,Be4e3,Be3e2][%mdl 32]} 34. Re1 {[#]} (34. Rc1 $17) 34... Ke6 ({Better is} 34... Rxe1+ $1 $19 35. Bxe1 Ke6) 35. Rxe2 Bxe2 {KB-KB} 36. Bc5 Ba6 37. h4 f4 38. Kf2 e4 39. g3 $1 Kd5 40. Bb6 e3+ 41. Kf3 e2 42. Ba5 fxg3 43. Kxg3 Ke4 44. Bd2 Kd3 45. Bb4 Ke3 46. Bc5+ Kd2 47. Bb4+ Kd1 48. Kf2 Bd3 49. a5 Ba6 50. Bc3 Kc2 51. Bb4 Kd3 52. Kf3 Kd4 53. Kf4 Bb7 54. Kg5 {The position is equal.} Ke3 55. Kh6 Be4 56. a6 Kf4 57. a7 Kg4 58. Be1 $1 Kh3 59. h5 ({Don't choose} 59. Kxh7 $2 g5+ 60. Kh6 g4 $19) 59... gxh5 60. Kxh5 Kg2 61. Kh6 Kf1 62. Ba5 {Precision: White = 69%, Black = 73%.} 1/2-1/2

[Event "Asian Junior-ch 2017-Open"]
[Site "Shiraz"]
[Date "2017.05.07"]
[Round "6"]
[White "Tran, Tuan Minh"]
[Black "Mosadeghpour, Masoud"]
[Result "1/2-1/2"]
[WhiteElo "2537"]
[BlackElo "2444"]
[Annotator "TA"]
[PlyCount "218"]
[EventDate "2017.??.??"]
[EventType "swiss"]
[EventCountry "IRI"]
[SourceTitle "playchess.com"]
[Source "ChessBase"]
[SourceQuality "1"]

{[%evp 18,218,9,10,41,50,35,17,31,0,0,0,0,0,-5,-3,-2,-23,31,27,50,50,47,50,81,100,98,93,155,139,185,179,179,178,170,172,166,169,173,154,178,160,181,177,177,174,156,139,186,186,184,185,165,162,161,160,179,162,162,162,162,147,162,64,175,176,158,26,25,20,26,21,58,30,44,38,50,48,47,50,49,15,15,20,53,32,48,16,20,16,15,12,266,254,238,220,210,208,202,84,87,81,87,84,109,113,422,422,422,422,422,210,218,97,97,102,97,97,129,140,152,147,192,193,241,241,240,156,247,71,71,0,70,4,4,4,4,4,8,4,8,8,8,8,8,8,8,8,8,8,8,8,8,8,8,8,8,8,8,8,8,8,8,8,8,8,8,8,8,8,8,8,8,8,8,0,8,8,8,8,8,8,8,8,8,8,8,8,8,8,8,8,8,8,8,8,8,8,8,8,8,8,16]} 1. d4 Nf6 2. Nf3 g6 3. Bg5 Bg7 4. Nbd2 O-O 5. e3 d6 6. Bc4 c5 7. c3 cxd4 {A48: 1 d4 Nf6 2 Nf3 g6: Torre, London and Colle Systems} (7... Nc6 8. O-O Bf5 9. Qe2 d5 10. Bb5 Qb6 11. dxc5 Qxc5 12. Rac1 Ne4 13. Nxe4 dxe4 14. Bxc6 exf3 15. Bxf3 {0-1 (66) Kramnik,V (2812)-Vachier Lagrave,M (2789) Leuven 2016}) 8. exd4 h6 9. Bh4 Nc6 10. O-O {LiveBook: 5 Games} e5 11. dxe5 dxe5 12. Re1 Qc7 13. Bb5 $146 (13. Bxf6 $5 Bxf6 14. Qe2 $14 (14. Ne4 Be7 $11)) ({Predecessor:} 13. Bxf6 Bxf6 14. Ne4 Bg7 {1-0 (35) Franciskovic,D (2035)-Kradolfer,C Mureck 1998}) 13... Nh5 14. Nc4 Be6 15. Qd6 $36 {[%mdl 2048] White is more active.} Rac8 16. Rad1 $1 g5 17. Bg3 $1 {[%cal Bh4g3,Bg3e5,Be5d4,Bd4c5,Bc5d6][%mdl 32]} a6 (17... Nxg3 $11 18. hxg3 (18. fxg3 g4 $11) 18... g4) 18. Bxc6 $14 Bxc4 19. Bd7 Qxd6 20. Rxd6 Rcd8 21. Bxe5 Bxa2 22. Red1 f6 (22... Nf4 $142) 23. Bd4 $1 $16 Bb3 24. Rd2 Ba4 25. Be6+ $1 (25. Bxa4 Rxd6 26. g3 b6 $11) 25... Kh8 26. Bc5 Rxd6 27. Bxd6 Rd8 28. Bf7 Be8 29. Bxe8 Rxe8 30. g4 $1 {[%cal Rg4h5]} Nf4 31. Bxf4 $1 gxf4 $18 {[%mdl 4096] Endgame KRB-KRN} 32. Nh4 Bf8 33. Kg2 Kg8 34. Kf3 b5 35. Nf5 b4 36. cxb4 Bxb4 37. Rc2 Bf8 38. Kxf4 Rb8 39. f3 a5 40. Ne3 (40. h4 $18) 40... Bd6+ ({Black should try} 40... Rb4+ $14 41. Kf5 Rb5+ 42. Kf4 Rb4+ 43. Kf5 Rb5+ 44. Ke4 Rb4+ 45. Kf5) 41. Kf5 Kf7 42. Nc4 ({Better is} 42. Rd2 $1 $16 {[%cal Rd2d6]} Rb6 43. h4) 42... Rb5+ $11 43. Ke4 Bb8 44. h3 Ke6 45. Re2 f5+ 46. Kd3+ Kd7 47. Kc2 fxg4 48. fxg4 h5 49. Rg2 hxg4 50. hxg4 Bf4 51. Rf2 Bc7 52. Rf7+ Kc6 53. Rf6+ Kc5 54. Kc3 {next g5 is good for White.} Rb4 $2 {[%mdl 8192]} (54... a4 $11 {and Black has nothing to worry.}) 55. Rf5+ $18 Kc6 56. g5 Rb8 57. Nxa5+ Kd6 58. Nc4+ (58. b4 $18) 58... Ke6 $16 59. Rf6+ Ke7 60. Rc6 Bf4 61. g6 Bg5 $2 {[%mdl 8192]} (61... Bg3 $16 62. b3 Be1+ 63. Kc2 Rb5) 62. Nb6 $18 Rd8 63. Kc4 Kf8 64. Rc7 (64. Nd5 $142) 64... Rd2 {[#] Strongly threatening ...Rc2+.} 65. Rf7+ (65. Rb7 $1 $18 {is the precise move to win.}) 65... Kg8 $16 66. b4 {[%cal Bb2b4,Bb4b5,Bb5b6][%mdl 32] And now b5 would win.} Rd6 67. Nd5 {Rc7 is the strong threat.} Rxg6 68. Rc7 {aiming for b5.} Rg7 {intending ...Rxc7+.} 69. Rc8+ Kf7 70. b5 Ke6 {[#]} 71. Rc6+ $1 Ke5 72. b6 Rb7 (72... Bh4 $16) 73. Rc7 $2 (73. Kb5 $18) 73... Rb8 74. Rc6 (74. Rg7 $16 Bd8 75. Kc5 (75. b7 Kd6 $11) 75... Bxb6+ 76. Nxb6) 74... Bd8 ({Black should play} 74... Rb7 $1 $11) 75. Nc7 (75. Kc5 $14 Bxb6+ 76. Nxb6 (76. Rxb6 Rxb6 77. Nxb6 $11)) 75... Rxb6 $1 $11 {The position is equal.} 76. Rxb6 Bxc7 {KR-KB} 77. Rb5+ (77. Rb7 $5 {[%cal Rb7c7]} Bd6 78. Ra7 $11) 77... Kf4 78. Kd4 Kg3 79. Ke4 Kg2 80. Ke3 Bd6 81. Rg5+ Kh1 82. Kf2 Bc7 83. Rg6 Bb8 84. Rg2 Bc7 85. Kf1 Bd6 86. Rd2 Bc7 87. Rc2 Bd6 88. Kf2 Bb8 89. Rc8 Bd6 90. Rc1+ Kh2 91. Rc6 Bg3+ 92. Kf3 {Intending Rh6+ and mate.} Bb8 93. Rg6 (93. Rh6+ {feels hotter.} Kg1 94. Rb6 Bc7 95. Ra6 Kh2 96. Kf2) 93... Bc7 94. Rg2+ (94. Rg5 {seems wilder.} Bd6 95. Rg2+ Kh1 96. Rd2 Bc5 97. Rd5) 94... Kh1 $1 95. Rb2 Kg1 96. Rg2+ (96. Rc2 {looks sharper.} Bd6 97. Rc6 Be7 98. Rc1+ Kh2 99. Rc2+) 96... Kh1 97. Kf2 Bb6+ 98. Kg3 $1 Bc7+ 99. Kh3 Bb6 100. Rb2 Bc5 101. Rb5 Bd4 102. Kg3 Ba7 103. Rb1+ $1 Bg1 104. Kf3 Kh2 105. Rb2+ (105. Rb8 $5 {[%cal Rb8h8]} Ba7 106. Rb2+ Kh1 107. Rc2 $11) 105... Kh1 $1 106. Kg3 Bc5 107. Rh2+ Kg1 108. Rd2 {[%cal Rd2d1]} Kf1 109. Rd5 {White wants to mate with Kf3.} Bb6 {Precision: White = 59%, Black = 59%.} 1/2-1/2